| 000 | 00598nam a22001937a 4500 | ||
|---|---|---|---|
| 003 | DO-SdBNP | ||
| 005 | 20211109132023.0 | ||
| 007 | ta | ||
| 008 | 211109b2019 dr ||||| |||| 00| 0 spa d | ||
| 020 | _a 9789945606348 | ||
| 040 |
_aDO-SdBNP _bspa _cBNPHU |
||
| 110 | 1 |
_aRepública Dominicana. _b[Leyes, etc.] _911088 |
|
| 245 | 1 | 0 |
_aReglamentos y resoluciones de transito del INTRANT / _cedición Héctor Bienvenido Gúzman. |
| 260 |
_aSanto Domingo : _bEditora Dalis, _c2019. |
||
| 300 |
_a148, 4 p. _c21 cm. |
||
| 590 | _aInventariado, 2021 /LP | ||
| 910 | _aLopérez | ||
| 942 |
_2ddc _cLBS1 |
||
| 999 |
_c50896 _d50896 |
||